| 000 | 00486nam a2200181Ia 4500 | ||
|---|---|---|---|
| 005 | 20250508152957.0 | ||
| 008 | 008 250505s9999 xx 000 0 eng d | ||
| 037 | _aTextual | ||
| 040 |
_aFEDL _beng _cFEDL |
||
| 041 |
_aeng _2eng |
||
| 084 |
_aB, SAM _qFEDL |
||
| 100 | _aSampurnanand | ||
| 245 | 0 | _aKuch samritiya aur kuch sfut vichar | |
| 260 |
_aVaranasi, India _bGyan Mandal Limited _c1962 |
||
| 300 | _a256p. | ||
| 942 |
_cTEXL _hB, SAM |
||
| 999 |
_c1339951 _d1339951 |
||